General Ethics: an introduction to the basic principles of the moral life according to St. Tomas Aquinas

Shranjeno v:
Bibliografske podrobnosti
Glavni avtor: Dougherty, Kenneth F (Author)
Format: Knjiga
Jezik:angleščina
Izdano: Nueva York Graymoor Press 1959
Izdaja:3a. ed
Teme:
Oznake: Označite
Brez oznak, prvi označite!

MARC

LEADER 00000cam a2200000 a 4500
001 UCD0897
003 CL-VaPUC
008 151218e19590000us |||||||||||||||||eng|d
082 0 4 |a 170  |b DOU  |2 21 
100 0 |a Dougherty, Kenneth F  |e author  |9 583928 
245 1 0 |a General Ethics: an introduction to the basic principles of the moral life according to St. Tomas Aquinas 
250 |a 3a. ed 
300 |a 183 p 
942 |c BK 
945 |d 20151218 14:15:00  |a gsalatino 
260 |a Nueva York  |b Graymoor Press  |c 1959 
600 0 |a Tomás de Aquino  |d 1220-1274  |c Santo  |9 255832 
650 0 |a Ética  |9 255099 
650 0 |a Virtudes  |9 309526 
650 0 |a Positivismo  |9 269460 
650 0 |a Empirismo  |9 255037 
650 7 |a UNIVERSALIDAD  |2 CL-VaPUC  |9 358070 
583 |a last modification  |c 20151218 14:15:00  |k Rodrigo Vera 
999 |c 362334  |d 362332 
952 |0 0  |1 0  |3 erd  |4 0  |6 170_000000000000000_DOU_1959  |7 0  |8 P  |9 473416  |a BIBTEO  |b BIBTES  |c TEO_FTES  |i 5274664  |o 170 DOU 1959  |p 5274664  |r 2024-01-18  |w 2019-11-24  |y BK  |z Catalogado en:20151218  |k ICR